Normal view
MARC view
Entry Personal Name
001 - CONTROL NUMBER
- control field: 13749
003 - CONTROL NUMBER IDENTIFIER
- control field: OSt
005 - DATE AND TIME OF LATEST TRANSACTION
- control field: 20130809154626.0
008 - FIXED-LENGTH DATA ELEMENTS
- fixed length control field: 130809|| aca||aabn | a|a d
040 ## - CATALOGING SOURCE
- Original cataloging agency: OSt
- Transcribing agency: OSt
100 ## - HEADING--PERSONAL NAME
- Personal name: Wilson,JDouglas
670 ## - SOURCE DATA FOUND
- Source citation: Work cat.: (OSt): Wilson,JDouglas, Ashma & Allergic Diseases, 1983